000
00201nam a2200073Ia 4500
008
191206s9999 xx 000 0 und d
090
_a
PR93905A85
245
0
_a
ANTOLOGY OVER 100 WORKS BY ZIMBZBWE WOMEN WRITERS
999
_c
15476
_d
15476